[Event "AUTO-MASTER-379"]
[Site "http://www.queenalice.com/game.php?id=345499"]
[Date "2008.1.30"]
[Round "2"]
[White "HelderNanques"]
[Black "jmarcen"]
[Result "1/2-1/2"]
[WhiteElo "2101"]
[BlackElo "2062"]

1. e4 c5 2. Nf3 d6 3. Nc3 g6 4. g3 Bg7 5. Bg2 Nc6 6. d3 Nf6 7. O-O O-O 8. Rb1
Be6 9. Ng5 Bg4 10. f3 Bd7 11. f4 Nd4 12. Be3 Bg4 13. Nf3 Qd7 14. Ne2 Nxf3+ 15.
Bxf3 Bxf3 16. Rxf3 Qh3 17. Qf1 Qe6 18. a3 Ng4 19. Bd2 a5 20. h3 Nf6 21. Kh2 b5
22. g4 d5 23. e5 Nd7 24. d4 Qb6 25. Be3 c4 26. h4 b4 27. f5 Rab8 28. a4 Qc6 29.
g5 b3 30. cxb3 Rxb3 31. Nc3 f6 32. exf6 exf6 33. fxg6 hxg6 34. gxf6 Nxf6 35. Qg2
Nh5 36. Rxf8+ Bxf8 37. Nxd5 Qd6+ 38. Kg1 Bg7 39. Rd1 Ng3 40. Bf4 Ne2+ 41. Qxe2
Qxd5 42. Be3 Kh7 43. Qf2 Qe4 44. Re1 Rd3 45. Kh2 Bxd4 46. Qf7+ Bg7 47. Qxg7+
Kxg7 48. Bh6+ Kxh6 49. Rxe4 Rd2+ 50. Kg3 Rxb2 51. Re5 c3 52. Rxa5 c2 1/2-1/2

[Event "AUTO-MASTER-379"]
[Site "http://www.queenalice.com/game.php?id=345500"]
[Date "2008.1.30"]
[Round "2"]
[White "jmarcen"]
[Black "agmac"]
[Result "0-1"]
[WhiteElo "2046"]
[BlackElo "2281"]

1. e4 e5 2. Nf3 Nc6 3. Bb5 a6 4. Ba4 Nf6 5. O-O Bc5 6. c3 O-O 7. d4 Ba7 8. Bg5
h6 9. Bh4 exd4 10. e5 g5 11. Bxc6 dxc6 12. Nxg5 dxc3 13. Qxd8 Rxd8 14. Nxc3 Nd5
15. Nge4 Nxc3 16. Nxc3 Rd4 17. Bf6 Be6 18. Rad1 Re8 19. b3 Bg4 20. Rde1 Bf5 21.
Re3 Rf4 22. Rg3+ Bg6 23. Nd1 Bd4 24. Re1 Rxf6 0-1

[Event "AUTO-MASTER-379"]
[Site "http://www.queenalice.com/game.php?id=345501"]
[Date "2008.1.30"]
[Round "2"]
[White "agmac"]
[Black "jmarcen"]
[Result "1-0"]
[WhiteElo "2275"]
[BlackElo "2063"]

1. e4 c5 2. Nf3 d6 3. Bb5+ Bd7 4. Bxd7+ Nxd7 5. O-O g6 6. d4 cxd4 7. Qxd4 Ngf6
8. c4 Bg7 9. Nc3 O-O 10. Rb1 Nc5 11. Qe3 Qc7 12. Nd5 Qd7 13. Nxf6+ Bxf6 14. b4
Ne6 15. Bb2 Bxb2 16. Rxb2 Rfc8 17. Rc1 Kg7 18. Nd2 a5 19. bxa5 Rxa5 20. Qc3+ Re5
21. Nf3 Nc5 22. Nxe5 1-0

[Event "AUTO-OPEN-787"]
[Site "http://www.queenalice.com/game.php?id=354323"]
[Date "2008.2.14"]
[Round "3"]
[White "jmarcen"]
[Black "Chamnix"]
[Result "1-0"]
[WhiteElo "2048"]
[BlackElo "2076"]

1. d4 Nf6 2. Nf3 c5 3. c3 e6 4. e3 d5 5. Bd3 Nc6 6. O-O Bd6 7. Nbd2 O-O 8. e4
dxe4 9. Nxe4 Nxe4 10. Bxe4 Qc7 11. Ng5 f5 12. Bxc6 Qxc6 13. Re1 Re8 14. Qh5 h6
15. Nf3 Bd7 16. Ne5 Bxe5 17. dxe5 Kh7 18. Bf4 Rg8 19. Rad1 g5 20. Bc1 Rg7 21.
Rd6 Qc7 22. h4 Rag8 23. hxg5 Rxg5 24. Bxg5 Rxg5 25. Qe2 Bc6 26. f3 Qg7 27. Rxe6
Rg3 28. Rf1 h5 29. Qf2 Bxf3 30. Re7 Qxe7 31. Qxg3 Bg4 32. Rf2 Qe6 33. a3 Kg6 34.
Rd2 Kf7 35. Rd6 Qa2 36. Qh4 1-0

[Event "AUTO-OPEN-787"]
[Site "http://www.queenalice.com/game.php?id=354324"]
[Date "2008.2.14"]
[Round "3"]
[White "Chamnix"]
[Black "jmarcen"]
[Result "1-0"]
[WhiteElo "2060"]
[BlackElo "2064"]

1. e4 e5 2. Nf3 Nc6 3. d4 exd4 4. Bc4 Bc5 5. c3 dxc3 6. Bxf7+ Kxf7 7. Qd5+ Kf8
8. Qxc5+ Qe7 9. Qxc3 Qb4 10. O-O Qxc3 11. Nxc3 d6 12. Nd5 Bg4 13. Nxc7 Rc8 14.
Nb5 Bxf3 15. gxf3 Ke7 16. Bf4 Ne5 17. Nd4 g6 18. Rac1 Nf6 19. Rfd1 a6 20. Kf1
Nfd7 21. Bg5+ Kf7 22. Ke2 Nb6 23. b3 Rxc1 24. Rxc1 Rc8 25. Rxc8 Nxc8 26. f4 Ng4
27. h3 Nf6 28. Kd3 Nb6 29. f5 Nbd7 30. f3 Nc5+ 31. Kc4 Nfd7 32. Kd5 Nf6+ 33.
Kxd6 Ncxe4+ 34. fxe4 Nxe4+ 35. Kc7 Nxg5 36. h4 Ne4 37. Kxb7 Nd6+ 38. Kxa6 Nxf5
39. Nxf5 gxf5 40. Kb5 f4 41. Kc4 1-0

[Event "AUTO-MASTER-490"]
[Site "http://www.queenalice.com/game.php?id=376605"]
[Date "2008.3.25"]
[Round "1"]
[White "Kapichess"]
[Black "jmarcen"]
[Result "0-1"]
[WhiteElo "2089"]
[BlackElo "2060"]

1. d4 Nf6 2. c4 e6 3. Nc3 c5 4. Nf3 cxd4 5. Nxd4 Nc6 6. g3 Bc5 7. Nb3 Be7 8. Bg2
a6 9. O-O O-O 10. Bf4 d6 11. Qc2 Nb4 12. Qd2 d5 13. cxd5 Nbxd5 14. Be5 Ng4 15.
Nxd5 Nxe5 16. Nxe7+ Qxe7 17. h3 Nc6 18. Rfd1 e5 19. Rac1 Be6 20. Na5 Rac8 21.
Bxc6 bxc6 22. Nxc6 Qf6 0-1

[Event "AUTO-MASTER-490"]
[Site "http://www.queenalice.com/game.php?id=376606"]
[Date "2008.3.25"]
[Round "1"]
[White "jmarcen"]
[Black "Kapichess"]
[Result "1-0"]
[WhiteElo "2077"]
[BlackElo "2072"]

1. e4 c6 2. d4 d5 3. Nc3 dxe4 4. Nxe4 Bf5 5. Ng3 Bg6 6. N1e2 e6 7. Nf4 Qc7 8.
Nxg6 hxg6 9. Bg5 Be7 10. Qd2 Nd7 11. O-O-O Ngf6 12. Be2 O-O-O 13. Kb1 c5 14. h3
cxd4 15. Qxd4 Bc5 16. Qa4 Bxf2 17. Ne4 Nb6 18. Qb4 Nbd5 19. Qa4 Be3 20. Rd3 Bxg5
21. Nxg5 Kb8 22. Ra3 1-0

[Event "AUTO-MASTER-490"]
[Site "http://www.queenalice.com/game.php?id=376617"]
[Date "2008.3.25"]
[Round "1"]
[White "aormic"]
[Black "jmarcen"]
[Result "0-1"]
[WhiteElo "2156"]
[BlackElo "2039"]

1. e4 c5 2. Nf3 d6 3. d4 cxd4 4. Nxd4 Nf6 5. Nc3 a6 6. f4 e5 7. Nf3 Nbd7 8. Bd3
b5 9. a3 Be7 10. O-O Qb6+ 11. Kh1 Bb7 12. Qe2 O-O 13. Be3 Qc7 14. f5 d5 15. Bg5
d4 16. Nd5 Nxd5 17. exd5 f6 18. Bh4 Bxd5 19. Nd2 Nc5 20. Ne4 Rac8 21. Nxc5 Bxc5
22. Be4 Qc6 23. Rfe1 Bb6 24. Rac1 Bxe4 25. Qxe4 Qxe4 26. Rxe4 d3 27. c3 Rc4 0-1

[Event "AUTO-MASTER-490"]
[Site "http://www.queenalice.com/game.php?id=376618"]
[Date "2008.3.25"]
[Round "1"]
[White "jmarcen"]
[Black "aormic"]
[Result "1/2-1/2"]
[WhiteElo "2097"]
[BlackElo "2132"]

1. d4 Nf6 2. c4 c5 3. d5 e6 4. Nc3 exd5 5. cxd5 d6 6. e4 g6 7. f4 Bg7 8. Bb5+
Nfd7 9. a4 O-O 10. Nf3 Na6 11. O-O Nc7 12. Bc4 Re8 13. Re1 a6 14. e5 Nb6 15. Ba2
Bg4 16. h3 Bxf3 17. Qxf3 Nd7 18. e6 Nf6 19. f5 b5 20. fxg6 fxg6 21. Bg5 Qe7 22.
Ne4 Rf8 23. Rf1 Nce8 24. Bb3 h6 25. Bxf6 Bxf6 26. Nxf6+ Rxf6 27. Qe2 c4 28. Bc2
Rb8 29. Rxf6 Nxf6 30. Bxg6 Nxd5 31. Bf7+ Kg7 32. Qg4+ Qg5 33. Qd4+ Qe5 34. Rd1
Nf4 35. Qxd6 Qxd6 36. Rxd6 Nd3 37. Rd7 Ne5 38. Ra7 Nxf7 39. Rxf7+ Kg8 40. a5 Re8
41. Rf6 Kg7 42. Rf7+ Kg8 43. Rf6 Kg7 44. Rf7+ Kg8 1/2-1/2

[Event "AUTO-MASTER-490"]
[Site "http://www.queenalice.com/game.php?id=376625"]
[Date "2008.3.25"]
[Round "1"]
[White "jmarcen"]
[Black "Capakhine"]
[Result "1-0"]
[WhiteElo "2102"]
[BlackElo "2091"]

1. e4 c5 2. Nf3 d6 3. d4 cxd4 4. Nxd4 Nf6 5. Nc3 a6 6. Bg5 e6 7. f4 Be7 8. Qf3
h6 9. Bh4 O-O 10. O-O-O Qc7 11. Be2 Nbd7 12. Qd3 Nxe4 13. Qxe4 Bxh4 14. f5 Bg5+
15. Kb1 Nf6 16. Qd3 Bf4 17. Bf3 e5 18. Nde2 e4 19. Nxe4 Nxe4 20. Bxe4 Be5 21. g4
Bd7 22. h4 1-0

[Event "AUTO-MASTER-490"]
[Site "http://www.queenalice.com/game.php?id=376626"]
[Date "2008.3.25"]
[Round "1"]
[White "Capakhine"]
[Black "jmarcen"]
[Result "0-1"]
[WhiteElo "2075"]
[BlackElo "2114"]

1. d4 Nf6 2. c4 e6 3. Nc3 c5 4. Nf3 cxd4 5. Nxd4 Nc6 6. a3 Bc5 7. Nb3 Be7 8. e4
a6 9. Be2 O-O 10. O-O b6 11. f4 d6 12. Qc2 Bb7 13. Be3 Qc7 14. Bf3 Rad8 15. Rfd1
Rfe8 16. Na4 Nd7 17. Nc3 Nc5 18. Ne2 Bf6 19. Rab1 b5 20. cxb5 axb5 21. e5 Be7
0-1

[Event "AUTO-MASTER-554"]
[Site "http://www.queenalice.com/game.php?id=425524"]
[Date "2008.6.30"]
[Round "1"]
[White "jmarcen"]
[Black "CCapivara"]
[Result "0-1"]
[WhiteElo "2111"]
[BlackElo "2061"]

1. e4 c5 2. c3 Nc6 3. d4 cxd4 4. cxd4 e5 5. d5 Bb4+ 6. Nc3 Nd4 7. Nf3 Nxf3+ 8.
Qxf3 Nf6 9. Be2 Qa5 10. O-O Bxc3 11. bxc3 d6 12. h3 O-O 13. Bg5 Nd7 14. Be7 Re8
15. Bxd6 b5 16. Rfb1 a6 17. a4 Qb6 18. Bb4 Nf6 19. axb5 a5 20. c4 Bxh3 21. c5
Qd8 22. Bd2 Bg4 23. Qd3 Bxe2 24. Qxe2 h6 25. b6 h5 26. c6 Ng4 27. Bxa5 Qh4 0-1

[Event "AUTO-MASTER-554"]
[Site "http://www.queenalice.com/game.php?id=425525"]
[Date "2008.6.30"]
[Round "1"]
[White "CCapivara"]
[Black "jmarcen"]
[Result "1-0"]
[WhiteElo "2042"]
[BlackElo "2125"]

1. e4 Nf6 2. e5 Nd5 3. d4 d6 4. exd6 cxd6 5. Nf3 g6 6. Bc4 Nb6 7. Bb3 Bg7 8. O-O
O-O 9. c3 Nc6 10. Re1 Bg4 11. Bg5 Qc7 12. Nbd2 e5 13. dxe5 dxe5 14. h3 Bf5 15.
Ne4 Bxe4 16. Rxe4 Rad8 17. Bxd8 Rxd8 18. Qe1 Na5 19. Rd1 Nxb3 20. Rxd8+ Qxd8 21.
axb3 f5 22. Re2 e4 23. Rd2 Qe7 24. Nd4 Nd7 25. Qe2 Ne5 26. b4 Nd3 27. Rxd3 1-0

[Event "AUTO-MASTER-554"]
[Site "http://www.queenalice.com/game.php?id=425526"]
[Date "2008.6.30"]
[Round "1"]
[White "jmarcen"]
[Black "chessman"]
[Result "0-1"]
[WhiteElo "2096"]
[BlackElo "2102"]

1. d4 Nf6 2. c4 c5 3. d5 b5 4. cxb5 a6 5. Nc3 axb5 6. e4 b4 7. Nb5 d6 8. Bf4
Nbd7 9. Bc4 g6 10. Qe2 Nb6 11. e5 Nh5 12. Bg5 Nxc4 13. Qxc4 Ba6 14. exd6 f6 15.
Nc7+ Qxc7 16. Qxa6 Rxa6 17. dxc7 Kd7 18. Be3 e6 19. dxe6+ Rxe6 20. Ne2 Kxc7 21.
Rc1 Kb6 22. g4 Ng7 23. Nf4 Re5 24. Nd3 Re8 25. Nxc5 Rxe3+ 26. fxe3 Bxc5 27. Ke2
Re8 28. Rhf1 Rxe3+ 29. Kd2 Re6 0-1

[Event "AUTO-MASTER-554"]
[Site "http://www.queenalice.com/game.php?id=425527"]
[Date "2008.6.30"]
[Round "1"]
[White "chessman"]
[Black "jmarcen"]
[Result "0-1"]
[WhiteElo "2114"]
[BlackElo "2080"]

1. e4 c5 2. Nf3 d6 3. Bb5+ Bd7 4. Qe2 Nc6 5. a4 Nf6 6. c3 a6 7. Bxc6 Bxc6 8. d3
Qc7 9. Bg5 g6 10. Bxf6 exf6 11. d4 cxd4 12. cxd4 Bg7 13. Nc3 O-O 14. O-O Rfe8
15. Qd3 Rad8 16. d5 Bd7 17. Rfc1 Qb6 18. Nd2 f5 19. Rcb1 fxe4 20. Ncxe4 Bf5 21.
a5 Qb4 22. f3 Rc8 23. Qa3 Bd4+ 24. Kh1 Bc5 25. Re1 Bxe4 26. Nxe4 Qxe1+ 27. Rxe1
Bxa3 28. Nf6+ Kf8 29. Rxe8+ Rxe8 30. Nxe8 Kxe8 31. bxa3 Ke7 32. f4 Kf6 33. g4 h5
34. h3 hxg4 35. hxg4 g5 0-1

[Event "AUTO-MASTER-554"]
[Site "http://www.queenalice.com/game.php?id=425528"]
[Date "2008.6.30"]
[Round "1"]
[White "jmarcen"]
[Black "RobertD"]
[Result "1-0"]
[WhiteElo "2098"]
[BlackElo "1894"]

1. d4 d5 2. c4 dxc4 3. Nf3 c6 4. a4 b5 5. axb5 cxb5 6. Nc3 b4 7. Qa4+ Qd7 8.
Qxb4 e6 9. Qxc4 Nf6 10. e4 Be7 11. Bf4 Bb7 12. Bd3 h6 13. O-O O-O 14. Ne5 Qc8
15. Qb3 Nc6 16. Nxc6 Bxc6 17. d5 exd5 18. exd5 Bd7 19. d6 Bd8 20. Rfe1 Rb8 21.
Qc2 Qb7 22. Rab1 Qb4 23. Be5 Ng4 24. Nd5 Qb7 25. Ne7+ Kh8 26. Bd4 Bb6 27. Be4
Rbc8 28. Qd3 Qb8 29. Nxc8 Rxc8 30. Bxb6 Qxb6 31. Qd2 Kg8 32. Bd5 Re8 33. Rxe8+
Bxe8 34. Qf4 Nf6 35. Bc4 Bd7 36. b3 a5 37. Qe5 a4 38. Qe7 a3 39. Qxf7+ Kh8 40.
Qf8+ Kh7 41. Bd3+ 1-0

[Event "AUTO-MASTER-554"]
[Site "http://www.queenalice.com/game.php?id=425529"]
[Date "2008.6.30"]
[Round "1"]
[White "RobertD"]
[Black "jmarcen"]
[Result "0-1"]
[WhiteElo "1910"]
[BlackElo "2093"]

1. e4 e6 2. d4 d5 3. exd5 exd5 4. Be3 Nf6 5. c4 Bb4+ 6. Nc3 O-O 7. Bd3 Re8 8.
Nf3 Be6 9. c5 c6 10. a3 Ba5 11. b4 Bc7 12. h3 h6 13. Qc2 Nbd7 14. Qd2 Nf8 15.
Ne2 Qd7 16. g4 Ne4 17. Bxe4 dxe4 18. Nh4 Rad8 19. Nf5 Bxf5 20. gxf5 Qxf5 21.
O-O-O Ne6 22. Bxh6 gxh6 23. Qxh6 Bf4+ 24. Nxf4 Qxf4+ 25. Qxf4 Nxf4 26. h4 Nd3+
27. Rxd3 exd3 28. Kd2 Rxd4 0-1